Psicología contemporánea / (Record no. 64818)

MARC details
000 -LEADER
campo de control de longitud fija 00697nam a2200205 i 4500
001 - NÚMERO DE CONTROL
campo de control 64818
003 - IDENTIFICADOR DE NÚMERO DE CONTROL
campo de control ES-MaACL
005 - FECHA Y HORA DE LA ÚLTIMA TRANSACCIÓN
campo de control 20251012195122.0
007 - CAMPO FIJO DE DESCRIPCIÓN FÍSICA--INFORMACIÓN GENERAL
campo de control de longitud fija t|
008 - DATOS DE LONGITUD FIJA--INFORMACIÓN GENERAL
campo de control de longitud fija 040105s1965 sp ||||1| spa d
100 1# - ENTRADA PRINCIPAL--NOMBRE DE PERSONA
Nombre de persona Foulquié, Paul.
9 (RLIN) 51945
245 10 - MENCIÓN DEL TÍTULO
Título Psicología contemporánea /
Mención de responsabilidad, etc. Paul Foulquié ; con la colaboración de Gérard Deledalle ; [traducción española por Luis Cuèllar Bassols].
260 ## - PUBLICACIÓN, DISTRIBUCIÓN, ETC.
Lugar de publicación, distribución, etc. Barcelona :
Nombre del editor, distribuidor, etc. Labor,
Fecha de publicación, distribución, etc. 1965.
300 ## - DESCRIPCIÓN FÍSICA
Extensión XIX, 392 p. :
Otras características físicas il. ;
Dimensiones 22 cm.
650 00 - PUNTO DE ACCESO ADICIONAL DE MATERIA--TÉRMINO DE MATERIA
Término de materia o nombre geográfico como elemento de entrada Psicología-
Subdivisión cronológica S.XX.
9 (RLIN) 16550
700 1# - ENTRADA AGREGADA--NOMBRE PERSONAL
Nombre de persona Deledalle, Gérard,
Fechas asociadas al nombre 1921-2003
9 (RLIN) 171132
700 1# - ENTRADA AGREGADA--NOMBRE PERSONAL
Nombre de persona Cuèllar i Bassols, Lluís.
9 (RLIN) 41982
852 ## - LOCALIZACIÓN
Ubicación ES-MaACL
Número de control de estantería C-27200
Holdings
Estatus retirado Estado de pérdida Estado de daño No para préstamo Biblioteca de origen Biblioteca actual Ubicación en estantería Fecha de adquisición Fuente de adquisición Total de préstamos Signatura topográfica completa Código de barras Visto por última vez Precio de reemplazo Tipo de ítem Koha
        Biblioteca del Ateneo de Madrid Biblioteca del Ateneo de Madrid Depósito 2 17/01/2008     C-27200 1067914 23/02/2023 23/02/2023 Libro impreso